000 00998nam a2200265Ia 4500
003 OSt
005 20221005103705.0
006 a|||||r|||| 00| 0
007 ta
008 221004b |||||||| |||| 00| 0 san d
020 _a8187322691 (hbk)
_c685
024 _a8712
037 _b239, 17/12/2013, Eastern Book Linkers
_cTextual
040 _aCRL
_cCRL
_bsan
041 _2san
_asan
082 _aNA44,2:3(Delta:864), 152Q3
100 _aअशोकथपलियाल, संपा.
245 0 _aबृहद्वास्तुमाला
246 _aBṛuhadvāstumālā
260 _aदिल्ली
_bअमर ग्रन्थ पब्लिकेशन भारत
_c2013
300 _a341पृ0
_ccm.
650 _aल्थ्ल्त् क्ल्ज्ञ
942 _hNA44,2:3(Delta:864), 152Q3
_cTEXL
_2cc
999 _c1010635
_d1010635